Most Spoken Languages of the West Coast - Statistics

General Stats
  • This quiz has been taken 32 times
  • The average score is 12 of 16
Answer Stats
# of Speakers Language % % Correct
32.5M English 63.4
100%
11.5M Spanish 22.3
100%
1.52M Chinese 2.96
97%
177K French 0.345
93%
184K Japanese 0.36
90%
108K Portuguese 0.21
90%
145K German 0.282
87%
464K Korean 0.904
87%
239K Arabic 0.466
80%
253K Russian 0.492
80%
982K Filipino 1.91
77%
702K Hindi 1.37
77%
706K Vietnamese 1.38
73%
240K Persian 0.467
67%
199K Armenian 0.387
30%
113K Tibetan 0.22
7%
No matching quizzes found
Score Distribution
Percent of People with Each Score
Percentile by Number Answered
Your Score History
You have not taken this quiz